Estadísticas para Las ciudades más grandes en los Estados Unidos • A-Z

Haz click aquí para intentar la prueba.

Estadísticas generales

  • Esta prueba ha sido intentada 350 veces
  • La puntuación promedio es 11 de 23

Estadísticas de respuestas

#PoblaciónCiudad% Correcto
N8,537,673Nueva York
97%
L3,976,322Los Ángeles
91%
C2,704,958Chicago
87%
B673,184Boston
76%
A947,890Austin
75%
H2,303,482Houston
75%
W681,170Washington
73%
D1,317,929Dallas
67%
F3 887 694Filadelfia
63%
I855,164Indianapolis
53%
P1,615,017Phoenix
44%
K481,420Kansas City
43%
S1,492,510San Antonio
42%
J880,619Jacksonville
32%
O638,367Oklahoma City
32%
M652,717Memphis
29%
E683,080El Paso
24%
T530,706Tucson
19%
R458,880Raleigh
18%
V452,602Virginia Beach
15%
G287,027Greensboro
3%
Y200,807Yonkers
3%
U76,000Upland
1%

Distribución de puntuación

Porcentaje por número respondido

Porcentaje de gente con cada puntuación

Historial de tus puntuaciones

No has intentado esta prueba.